De simplicate christianae vitae

Hlavní autor: Savonarola, Girolamo, 1452-1498
Jazyk: Latina
Vydáno: Florentiae : Lorenzo Morgiani imp. Johannis Petri V. Kal. Sept. [=28.8.], 1496
Témata:
Fyzický popis: 1 svazek ; 4°
Knihy
Uloženo v:
LEADER 01763nam a22004337i 4500
001 mzk03001279201
003 CZ BrMZK
005 20210622090257.0
007 ta
008 080715e14960828it p fr|||||00| ||latod
040 |a BOA001  |b cze  |c BOA001  |e rda 
072 7 |a 093  |x Prvotisky  |2 Konspekt  |9 12 
080 |a (0.068)093  |2 MRF 
100 1 |a Savonarola, Girolamo,  |d 1452-1498  |7 jn20000604808  |4 aut 
245 1 0 |a De simplicate christianae vitae 
264 1 |a Florentiae :  |b Lorenzo Morgiani imp. Johannis Petri V. Kal. Sept. [=28.8.],  |c 1496 
300 |a 1 svazek ;  |c 4° 
336 |a text  |b txt  |2 rdacontent 
337 |a bez média  |b n  |2 rdamedia 
338 |a svazek  |b nc  |2 rdacarrier 
500 |a Výzdoba: Iniciály červeně kolorovány, rubrikováno 
500 |a Souvěké latinské glosy 
510 4 |a ISTC,  |c is00271000  |u https://data.cerl.org/istc/is00271000 
510 4 |a Dokoupil, V. Soupis prvotisků, spravovaných Universitní knihovnou v Brně,  |c 1014 
510 4 |a Hain, L. Repertorium Bibliographicum, in quo libri omnes ab arte typographica inventa usque ad annum MD,  |c 14537 
510 4 |a Copinger, W.A. Supplement to Hain´s Repertorium Bibliographicum,  |c 14537 
510 4 |a Reichling, D. Appendices ad Hainii-Copingeri Repertorium Bibliographicum,  |c 14537 
510 4 |a Catalogue of books printed in the 15. century now in the British Museum,  |c VI, 685 
561 |a Provenience: Ex lib. Balth. Saltzmann 
561 |a Provenience: Ex lib. Monasterii Sternbergensis A. 1674 
655 7 |a prvotisky  |7 fd422077  |2 czenas 
903 |a RP 
910 |b AP-0000.162 
978 |b Morgiani, Lorenzo  |a Firenze  |c 1492 
981 1 |a Saltzmann, Balthasar 
984 |a Florencie  |b Itálie 
985 |a 1451-1500 
990 |a BK 
991 |k augustiniáni